000 01055nam a2200229Ia 4500
001 11084
003 GE_BSU
008 181216s||||||||xx |||||||||||||| ||und||
020 _a9992802820
040 _cGE_BSU
080 _a581.9(479.22)(09)
100 _aქვაჩაკიძე,რევაზ=KVACHAKIDZE,REVAZ
245 _aსაქართველოს მცენარეული საფარის ისტორია=History of the vegetation of Georgia.
245 _cსამეც.რედ.კახა იაშაღაშვილი.
260 _aთბილისი.
260 _bმეცნიერება.
260 _c2002.
300 _a44გვ;20სმ.
520 _aწიგნი მომზადებულია საქ.მეცნ.აკად.ნ.კეცხოველის სახ. ინტ-ში.
653 _aსაქართველოს მცენარეული საფარის ისტორია=History of the vegetation of Georgia.
942 _cBK
999 _c44325
_d44325